banner koha

Editorial: Rodriguésia and Pharmacognosy – an interaction that reminds us of Barbosa Rodrigues (Registro n. 337636)

MARC details
000 -LÍDER
fixed length control field 00918nab a2200253 i 4500
003 - CÓDIGO MARC DA AGÊNCIA CATALOGADORA
Campo de controle BR-BrBNA
005 - DATA E HORA DA ÚLTIMA ATUALIZAÇÃO
Campo de controle 20250815095701.0
008 - CAMPO DE TAMANHO FIXO
fixed length control field 250815b2020 bl.ar|pooa||| 00| 0 eng |
040 ## - FONTE DA CATALOGAÇÃO
Agência catalogadora BR-BrBNA
Idioma da catalogação eng
072 ## - CATEGORIA AGRIS
Código AGRIS B50
072 ## - CATEGORIA AGRIS
Código AGRIS C20
100 ## - ENTRADA PRINCIPAL - NOME PESSOAL
Nome pessoal Baratto, Leopoldo C.
100 ## - ENTRADA PRINCIPAL - NOME PESSOAL
Nome pessoal Oliveira, Danilo R.
100 ## - ENTRADA PRINCIPAL - NOME PESSOAL
Nome pessoal Paulino, Juliana V.
245 ## - TÍTULO PRINCIPAL
Título principal Editorial: Rodriguésia and Pharmacognosy – an interaction that reminds us of Barbosa Rodrigues
500 ## - NOTA GERAL
Nota geral Publicação on-line; 3 ref.
942 ## - ADDED ENTRY ELEMENTS (KOHA)
Koha item type Analítica
650 ## - ASSUNTO - THESAGRO
Cabeçalho tópico ou nome geográfico SIMPÓSIO
650 ## - ASSUNTO - THESAGRO
Cabeçalho tópico ou nome geográfico FARMÁCIA
650 ## - ASSUNTO - THESAGRO
Cabeçalho tópico ou nome geográfico EXTENSÃO RURAL
773 0# - ENTRADA ANALÍTICA
Host Biblionumber 709
Registro do item 353216
Imprenta Rio de Janeiro-RJ Jardim Botanico do Rio de Janeiro 1935
Outro identificador 2025-4473
Título Rodriguésia (Brazil)
ISSN 0370-6583; 2175-7860 on-line
Colação v. 71 p. 1-3; (2020)
Número de controle de registro BR2025001687
856 ## - ACESSO E ENDEREÇO ELETRÔNICO
Identificador uniforme de recurso - URI https://www.scielo.br/j/rod/a/XN5rmGrXYtJR6NNBWCpPryz/?format=pdf&lang=en

Nenhum exemplar disponível.

BINAGRI

Telefone: (61)3218-2567/2388/3357/2097 - binagri@agro.gov.br

Ministério da Agricultura e Pecuária , Esplanada dos Ministérios, Bloco D, Anexo B, Brasília/DF, CEP: 70.043-900